Top 30 biggest Norwegian cities and towns - Statistics

General Stats
  • This quiz has been taken 255 times
  • The average score is 17 of 30
Answer Stats
Population Name % Correct
1mill Oslo
100%
255k Bergen
99%
183k Trondheim
97%
222k Stavanger / Sandnes
92%
39k Tromsø
87%
63k Kristiansand
84%
52k Ålesund
75%
41k Bodø
75%
117k Drammen
71%
20k Lillehammer
70%
20k Molde
66%
112k Fredrikstad / Sarpsborg
65%
18k Kristiansund
65%
44k Haugesund
58%
27k Hamar
57%
93k Porsgrunn / Skien
57%
19k Ski
57%
43k Arendal
52%
51k Tønsberg
47%
47k Moss
46%
24k Larvik
45%
25k Halden
43%
18k Mo i Rana
42%
44k Sandefjord
40%
22k Kongsberg
36%
20k Gjøvik
30%
20k Harstad
29%
20k Horten
23%
18k Jessheim
22%
23k Askøy
7%
No matching quizzes found
Score Distribution
Percent of People with Each Score
Percentile by Number Answered
Your Score History
You have not taken this quiz